000 00331nam a22001457a 4500
008 230413b ||||| |||| 00| 0 eng d
020 _a0872011909
041 _aeng
080 _a72
082 _a72LOB
100 _a20
101 _aNDERTIM
245 _aCENTRIFUGAL PUMPS DESIGN APPLICATION
_cLOBANOFF.S.V
942 _2udc
_cBK
999 _c59530
_d59530